Rywale reprezentacji Polski od 2021 roku - Statystyki

Ogólne statystyki
  • Ten quiz został rozwiązany 35 razy
  • Średni wynik to 28 z 34
Statystyki odpowiedzi
RM BZ BS Reprezentacja % Poprawnych
1 0 2 Argentyna
97%
1 1 1 Hiszpania
97%
3 6 6 Szwecja
97%
5 8 4 Albania
94%
2 2 4 Czechy
94%
5 5 8 Holandia
94%
1 3 1 Ukraina
94%
1 1 3 Austria
90%
2 1 7 Belgia
90%
2 2 4 Francja
90%
1 1 0 Niemcy
90%
2 2 8 Portugalia
90%
2 12 1 San Marino
90%
1 1 2 Słowacja
90%
1 2 0 Arabia Saudyjska
87%
2 3 0 Litwa
87%
1 0 0 Meksyk
87%
3 5 4 Mołdawia
87%
2 4 5 Węgry
87%
2 2 3 Anglia
84%
2 3 4 Chorwacja
84%
2 4 3 Finlandia
84%
2 5 2 Malta
84%
1 2 0 Łotwa
81%
1 5 1 Estonia
77%
3 3 1 Walia
77%
3 5 5 Szkocja
74%
1 2 1 Turcja
74%
2 7 1 Andora
71%
1 2 2 Islandia
68%
1 1 0 Nowa Zelandia
61%
1 1 1 Rosja
58%
2 4 0 Wyspy Owcze
52%
1 1 0 Chile
39%
Nie znaleziono quizów pasujących do podanych kryteriów
Rozkład punktacji
Procent ludzi z każdym wynikiem
Percentyl według liczby udzielonych odpowiedzi
Twoja historia wyników
Nie rozwiązałeś tego quizu